Situation economique au 1er Janvier 1983 Repoblica Demokratika Malagasy
Guardado en:
| Formato: | Libro |
|---|---|
| Lenguaje: | francés |
| Publicado: |
Tananarive
Institut national de la statistique et de la recherche economique
1983
|
| Etiquetas: |
Sin Etiquetas, Sea el primero en etiquetar este registro!
|
MARC
| LEADER | 00000nam a2200000 4500 | ||
|---|---|---|---|
| 001 | c114335 | ||
| 005 | 20221220085700.1 | ||
| 041 | 0 | |a fre | |
| 044 | |a MG | ||
| 245 | 1 | 0 | |a Situation economique au 1er Janvier 1983 |b Repoblica Demokratika Malagasy |
| 264 | 1 | |a Tananarive |b Institut national de la statistique et de la recherche economique |c 1983 | |
| 300 | |a 70 s. | ||